Most popular baby names in Russia - Statistics

General Stats
  • This quiz has been taken 156 times
  • The average score is 2 of 10
Answer Stats
Gender Answer % Correct
Girl Анна
59%
Girl Мария
55%
Boy Александр
52%
Boy Михаил
25%
Girl София
8%
Boy Максим
8%
Girl Виктория
7%
Boy Артём
6%
Boy Даниил
6%
Girl Алиса
4%
No matching quizzes found
Score Distribution
Percent of People with Each Score
Percentile by Number Answered
Your Score History
You have not taken this quiz